Ч. 2; Физическая и коллоидная химия

Бібліографічні деталі
Parent link:Физическая и коллоидная химия: сокращенный конспект лекций для студентов заочного обучения/ Кишиневский сельскохозяйственный институт ; сост. И. Б. Хахам ; под ред. И. М. Рейбеля. Ч. 2.— , 1966
Мова:Російська
Опубліковано: 1966
Предмети:
Формат: MixedMaterials Книга
KOHA link:https://koha.lib.tpu.ru/cgi-bin/koha/opac-detail.pl?biblionumber=183977

MARC

LEADER 00000nam2a2200000 4500
001 183977
005 20231101223816.0
035 |a (RuTPU)RU\TPU\book\199451 
035 |a RU\TPU\book\199426 
090 |a 183977 
100 |a 20100825d1966 m y0rusy50 ca 
101 0 |a rus 
102 |a MD 
105 |a a j 000zy 
200 0 |a Ч. 2 
210 |d 1966 
215 |a 96 с.  |c ил. 
461 1 |0 (RuTPU)RU\TPU\book\209565  |t Физическая и коллоидная химия  |o сокращенный конспект лекций для студентов заочного обучения  |o в 3 ч.  |f Кишиневский сельскохозяйственный институт ; сост. И. Б. Хахам ; под ред. И. М. Рейбеля  |v Ч. 2  |d 1966 
606 1 |a Физическая химия  |2 stltpush  |3 (RuTPU)RU\TPU\subj\67669  |9 83390 
606 1 |a Коллоидная химия  |2 stltpush  |3 (RuTPU)RU\TPU\subj\68635  |9 83831 
610 1 |a лекции 
610 1 |a учебные пособия 
675 |a 544(075.8)  |v 3 
675 |a 544.7(075.8)  |v 3 
801 1 |a RU  |b 63413507  |c 20100825 
801 2 |a RU  |b 63413507  |c 20130524  |g RCR 
942 |c BK